Online katalóg knižníc regiónu Turca

Tmavý kút (Record no. 22659)

MARC details
000 -LEADER
fixed length control field 00769nam a2200277 a 4500
001 - CONTROL NUMBER
control field 22659
003 - CONTROL NUMBER IDENTIFIER
control field SK-KTurca
005 - DATE AND TIME OF LATEST TRANSACTION
control field 20260415135520.0
008 - FIXED-LENGTH DATA ELEMENTS--GENERAL INFORMATION
fixed length control field 950619s1985 xo a g 000 1 slo c
035 ## - SYSTEM CONTROL NUMBER
System control number UKB000146377
040 ## - CATALOGING SOURCE
Original cataloging agency BAA001
Language of cataloging slo
Transcribing agency BAA001
Description conventions AACR2
041 0# - LANGUAGE CODE
Language code of text/sound track or separate title slo
044 ## - COUNTRY OF PUBLISHING/PRODUCING ENTITY CODE
MARC country code xo
ISO country code SK
084 ## - OTHER CLASSIFICATION NUMBER
Classification number W 6(1S)-644
Number source UKB
100 1# - MAIN ENTRY--PERSONAL NAME
Personal name Mináč, Vladimír,
Dates associated with a name 1922-1996
245 10 - TITLE STATEMENT
Title Tmavý kút
Statement of responsibility, etc. Vladimír Mináč ; dosl. naps. Ján Beno ; ilustr. Orest Dubay.
250 ## - EDITION STATEMENT
Edition statement 3. vyd.
260 ## - PUBLICATION, DISTRIBUTION, ETC.
Place of publication, distribution, etc. Bratislava
Name of publisher, distributor, etc. Slov. spis.
Date of publication, distribution, etc. 1985
300 ## - PHYSICAL DESCRIPTION
Extent 256 s.
Other physical details il.
490 1# - SERIES STATEMENT
Series statement Klenoty
Volume/sequential designation zv. 49
500 ## - GENERAL NOTE
General note Frontsp.
700 1# - ADDED ENTRY--PERSONAL NAME
Personal name Beňo, Ján,
Dates associated with a name 1933-
Relationship aft
700 1# - ADDED ENTRY--PERSONAL NAME
Personal name Dubay, Orest,
Dates associated with a name 1919-2005
Relationship ill
830 #0 - SERIES ADDED ENTRY--UNIFORM TITLE
Uniform title Klenoty
Volume/sequential designation zv. 49
942 ## - ADDED ENTRY ELEMENTS (KOHA)
Source of classification or shelving scheme Dewey Decimal Classification
Koha item type Krásna literatúra pre dospelých
Suppress in OPAC No
Holdings
Stav vyradenia Strata Poškodenie Spôsob nadobudnutia Domovská knižnica Aktuálna knižnica Dátum nadobudnutia Total checkouts Čiarový kód exemplára Date last seen Typ exemplára
      Dar Obecná knižnica Horná Štubňa Obecná knižnica Horná Štubňa 15.04.2026   4736200925 15.04.2026 Krásna literatúra pre dospelých
Projekt je podporený Slovenskou asociáciou knižníc
Prevádzkuje Turčianska knižnica Martin 2026